Szczegóły MARC21

Dictionnaire du français /

003 -Nazwa inst., której nr kontr. jest w polu 001 [,]
    • @
    • Nazwa instytucji, której n kontrolny jest w polu 001
    • NUKAT
005 -DATA I CZAS OSTATNIEJ MODYFIKACJI [,]
    • @
    • pole kontrolne
    • 20241231094828.0
020 -Międzynarod. znormalizowany nr książki - ISBN [ , ]
    • a
    • Numer ISBN
    • 2850364479 Find
    • q
    • Dopowiedzenie
    • Le Robert
020 -Międzynarod. znormalizowany nr książki - ISBN [ , ]
    • a
    • Numer ISBN
    • 2090339993 Find
    • q
    • Dopowiedzenie
    • CLE
040 -Instytucja sporządzająca opis [ , ]
    • a
    • Instytucja, która sporządziła opis (NP)
    • GD U/MGR
    • c
    • Instytucja, która sporządziła rekord (NP)
    • GD U/MGRs
942 -Rodzaj dokumentu [ , ]
    • c
    • Rodzaj dokumentu
    • Książka
245 -Strefa tytułu i oznaczenia odpowiedzialności [0,0]
    • a
    • Tytuł
    • Dictionnaire du français / Find
    • c
    • Pozostałe elementy strefy tytułu i oznaczenia odpowiedzialności (NP)
    • sous la dir. de Josette Rey-Debove.
246 -Wariant tytułu [1,4]
    • a
    • Tytuł (NP)
    • Robert & CLE International dictionnaire du français
260 -Strefa adresu wydawniczego [ , ]
    • a
    • Miejsce wydania (P)
    • Paris :
    • b
    • Nazwa wydawcy (P)
    • Le Robert :
    • b
    • Nazwa wydawcy (P)
    • CLE International,
    • c
    • Data wydania (P)
    • 2005.
300 -Strefa opisu fizycznego [ , ]
    • a
    • Określenie formy książki i/lub objętość (NP)
    • XIV, 1232, [2] s. :
    • b
    • Oznaczenie ilustracji (NP)
    • il. ;
    • c
    • Format (NP)
    • 25 cm.
336 -Typ zawartości [ , ]
    • a
    • Termin opisujący typ zawartości
    • Tekst
    • b
    • Kod określający zawartość
    • txt
    • 2
    • Źródło (terminu i kodu)
    • rdacontent
337 -Typ mediów [ , ]
    • a
    • Tryb odtwarzania
    • Bez urządzenia pośredniczącego
    • b
    • Kod typu mediów
    • n
    • 2
    • Źródło (terminu i kodu)
    • rdamedia
338 -Typ/rodzaj nośnika [ , ]
    • a
    • Hasło opisujące typ nośnika
    • Wolumin
    • b
    • Kod typu nośnika
    • nc
    • 2
    • Źródło (terminu i kodu)
    • rdacarrier
080 -Uniwersalna Klasyfikacja Dziesiętna [ , ]
    • 2
    • Identyfikator wydania tablic
    • UDC-P058
    • 9
    • UKD
    • 8081
    • a
    • Symbol klasyfikacji
    • 811.133.1'374
    • b
    • Dopowiedzenie
    • Język francuski. - Słowniki języka francuskiego.
    • 4
    • UKD2
    • 7653
    • x
    • Poddział wspólny
    • =133.1
    • c
    • Dopowiedzenie poddz. wspólnego
    • =Język francuski.
650 -Hasło przedmiotowe [ ,7]
    • a
    • Hasło przedmiotowe
    • Język francuski
    • v
    • Określnik formalny
    • słowniki.
    • 2
    • Źródło terminu
    • kaba
    • 9
    • KHW
    • 113131
980 -Symbol UKD [ , ]
    • a
    • UKD
    • 811.133.1'374=133.1
700 -Hasło dodatkowe - nazwa osobowa [1, ]
    • a
    • Nazwa osobowa (NP)
    • Rey-Debove, Josette Find
    • d
    • Daty biograficzne (NP)
    • (1929-2005).
    • e
    • Określenie rodzaju współpracy
    • Red.
    • 9
    • KHW
    • 18864
710 -Hasło dodatkowe - nazwa ciała zbiorowego [2, ]
    • a
    • Nazwa ciała zbiorowego lub nazwa geograficzna jako pierwszy element (NP)
    • CLE international.
    • 4
    • Kod relacji
    • pbl
    • 9
    • KHW
    • 68393
920 -ISBN [ , ]
    • a
    • ISBN
    • 2-85-036-447-9 Find
    • q
    • Dopowiedzenie
    • Le Robert
920 -ISBN [ , ]
    • a
    • ISBN
    • 2-09-033-999-3 Find
    • q
    • Dopowiedzenie
    • CLE
Sygnatura Status udost. Lokalizacja Data inwentaryzacji Numer inwentarzowy
FR. Słowniki języka franc. 211BM2013-02-15A.9079